000 00606nam a2200193Ia 4500
003 GCL
008 140319s9999 xx 000 0 ara d
040 _aGCL /
_cGCL
082 0 4 _a811.9534
_bع ف
100 1 _aعبداللطيف عبدالحليم
245 1 0 _aفى الشعر العمانى المعاصر /
_cعبداللطيف عبدالحليم
260 _a[S.N] :
_bمكتبة النهضة المصرية ،
_c1989
300 _a133 ص
490 _a
650 0 4 _aسلطنة عمان
650 0 4 _aالشعر العربى الحديث
650 0 4 _aتاريخ ونقد
942 _2ddc
_cBK
999 _c54207
_d54207